El referéndum sobre el Tratado de Libre Comercio entre Estados Unidos, Centroamérica y República Dominicana /
Spremljeno u:
| Glavni autor: | |
|---|---|
| Format: | Tekst |
| Oznake: |
Dodaj oznaku
Bez oznaka, Budi prvi tko označuje ovaj zapis!
|
MARC
| LEADER | 00000 a a2200000 04500 | ||
|---|---|---|---|
| 001 | 41918 | ||
| 003 | |||
| 040 | |||
| 100 | |a Vargas Cullell, Jorge | ||
| 245 | |a El referéndum sobre el Tratado de Libre Comercio entre Estados Unidos, Centroamérica y República Dominicana / |c Jorge Vargas Cullell | ||
| 773 | |g (2009), páginas 19-35 | ||
| 999 | |c 38933 |d 38933 | ||
| 773 | 0 | |0 9237 |9 103 |d Costa Rica : CIAPA, |o 07138 |t Jornada de análisis sobre el Tratado de Libre Comercio entre Estados Unidos, Centroamérica y República Dominicana / |w (cru CIDCACS/IIS)41917 |z 9789977473826 | |



